000 00704nam a2200205 i 4500
001 49187
003 ES-MaACL
005 20250724074827.0
007 t|
008 030710s1877 sp ||||1| spa d
080 _a514.1(07)
100 1 _aCortázar, Juan,
_d1809-1873
_940822
245 1 0 _aTratado de geometría elemental /
_cJuan Cortázar.
250 _a21ª ed, publicada por sus herederos.
260 _aMadrid :
_b[s.n.],
_c1877 (
_fImprenta y fundición de Manuel Tello)
300 _a207 p. ;
_c22 cm.
650 0 7 _aGeometría
_2embne
_913096
852 _aES-MaACL
_jE-13131
_z.- Anotaciones manuscritas de su primer propietario, Cecilio de Roda y López
999 _c49187
_d49187